000 01221nam a2200289 a 4500
999 _c490750
_d490750
003 BLK
005 20250428103756.0
008 211007b bu |||||r|||| 00| | bu d
020 _a9789540917153
040 _aBLK
041 _aBUL
_cBUL
080 _aБългарска литература
_b821.163.2
_z821.163.2-312.9
080 _aБългарска литература
_b821.163.2
_z821.163.2-93-312.9
100 _9487517
_aИванов, Милен Атанасов
_eпърви автор
139 _aИванов, Милен Атанасов
_bИ 21
245 _aСълзата на вълка : книга за деца и възрастни от 6 до 66 години
_bкратка, но изключително поучителна история на моя прекрасен живот
_cМилен Иванов
260 _9209473
_aСофия
_bЗахарий Стоянов
_c2023
_n978-954-739- ; 978-954-09- ; 954-9559-
300 _a167 с.
_b
_c21 см
380 _aX
856 _i0.00
_ldisable
942 _cKNG
_n0
_s1
_03
944 _aCR
_c2023-05-02
_k30576
_lЦветомила Тодорова
999 _d490743
999 _d490743
999 _d490741
999 _d490741